| 000 | 00642cam a22001934a 4500 | ||
|---|---|---|---|
| 020 | _a0632064358 (alk. paper) | ||
| 082 | 0 | 0 |
_a624.072 _bFEL _cN-1, P-108. |
| 100 | 1 |
_aFellows, Richard, _944214 |
|
| 245 | 1 | 0 |
_aResearch methods for construction / _cRichard Fellows and Anita Liu. |
| 250 | _a2nd ed. | ||
| 260 |
_aMalden, MA : _bBlackwell Science, _c2003. |
||
| 300 |
_ax, 262 p. : _bill. ; _c25 cm. |
||
| 526 |
_a0 _b1 _c0 _d624_072000000000000_FEL |
||
| 650 | 0 |
_aBuilding _xResearch _xMethodology. _944215 |
|
| 650 | 0 |
_aMCE _9379 |
|
| 700 | 1 |
_aLiu, Anita. _924896 |
|
| 856 | 4 | 2 | _uhttp://www.e-streams.com/es0611/es0611_2838.html |
| 942 |
_2ddc _cBK |
||
| 999 |
_c548037 _d548037 |
||